Terrorism, what should be our response?
| Körperschaft: | |
|---|---|
| Beteiligte: | ; |
| Medienart: | Druck Buch |
| Sprache: | Nichtbestimmte Sprache |
| Veröffentlicht: |
Washington
1982
|
| In: |
AEI public policy forum (58)
Jahr: 1982 |
| Bestand in Tübingen: | In Tübingen vorhanden. UB: KB 4 E 384 |
| Verfügbarkeit prüfen: | HBZ Gateway |
| Subito Bestelldienst: | Jetzt bestellen. |
MARC
| LEADER | 00000cam a22000002c 4500 | ||
|---|---|---|---|
| 001 | 1084063522 | ||
| 003 | DE-627 | ||
| 005 | 20251224220036.0 | ||
| 007 | tu | ||
| 008 | 880513s1982 xx ||||| 00| ||und c | ||
| 035 | |a (DE-627)1084063522 | ||
| 035 | |a (DE-576)014063522 | ||
| 035 | |a (DE-599)BSZ014063522 | ||
| 035 | |a (OCoLC)08865533 | ||
| 040 | |a DE-627 |b ger |c DE-627 |e rakwb | ||
| 082 | 0 | |a 363.3/2 | |
| 245 | 0 | 0 | |a Terrorism, what should be our response? |c John Charles Daly, moderator. Yonah Alexander ... Held on Nov. 10, 1981 and sponsored by the American Enterprise Institute for Public Policy Research, Washington and London |
| 264 | 1 | |a Washington |c 1982 | |
| 300 | |a 25 S. | ||
| 336 | |a Text |b txt |2 rdacontent | ||
| 337 | |a ohne Hilfsmittel zu benutzen |b n |2 rdamedia | ||
| 338 | |a Band |b nc |2 rdacarrier | ||
| 490 | 1 | |a AEI Forum |v 58 | |
| 583 | 1 | |a Archivierung prüfen |c 20200919 |f DE-640 |z 1 |2 pdager | |
| 700 | 1 | |a Daly, John C. |e Hrsg. |4 edt | |
| 700 | 1 | |8 1\p |a Alexander, Yonah |d 1931-2024 |e Mitarb. |0 (DE-588)142024317 |0 (DE-627)632872853 |0 (DE-576)327405961 |4 oth | |
| 710 | 2 | |a American Enterprise Institute for Public Policy Research |0 (DE-588)1004042-0 |0 (DE-627)103027408 |0 (DE-576)191154350 |4 oth | |
| 810 | 2 | |a American Enterprise Institute for Public Policy Research |t AEI public policy forum |v 58 |9 58 |w (DE-627)167258265 |w (DE-576)005665574 |w (DE-600)436453-3 |7 am | |
| 883 | |8 1\p |a cgwrk |d 20241001 |q DE-101 |u https://d-nb.info/provenance/plan#cgwrk | ||
| 951 | |a BO | ||
| ELC | |b 1 | ||
| LOK | |0 000 xxxxxcx a22 zn 4500 | ||
| LOK | |0 001 2106329326 | ||
| LOK | |0 003 DE-627 | ||
| LOK | |0 004 1084063522 | ||
| LOK | |0 005 20020606000000 | ||
| LOK | |0 008 880513||||||||||||||||ger||||||| | ||
| LOK | |0 040 |a DE-21 |c DE-627 |d DE-21 | ||
| LOK | |0 852 |a DE-21 | ||
| LOK | |0 852 1 |c KB 4 E 384 |9 00 | ||
| LOK | |0 935 |a krim | ||
| LOK | |0 936ln |a k10.2.3 | ||
| LOK | |0 939 |a 13-05-88 |b l01 | ||
| ORI | |a SA-MARC-krimdoka001.raw | ||
| SIG | |a UB: KB 4 E 384 | ||
